Viva nuestro rey Fernando Albores del teatro costarricense /
Đã lưu trong:
| Tác giả chính: | |
|---|---|
| Định dạng: | Không biết |
| Ngôn ngữ: | Spanish |
| Những chủ đề: | |
| Các nhãn: |
Thêm thẻ
Không có thẻ, Là người đầu tiên thẻ bản ghi này!
|
MARC
| LEADER | 000000000a22000000004500 | ||
|---|---|---|---|
| 001 | 007045 | ||
| 041 | 0 | |a spa | |
| 100 | 1 | |a Sáenz Carbonell, Jorge Francisco | |
| 245 | 1 | 0 | |a Viva nuestro rey Fernando Albores del teatro costarricense / |c Jorge Francisco Sáenz Carbonell. |
| 650 | 4 | |a LITERATURA COSTARRICENSE | |
| 650 | 4 | |a TEATRO | |
| 650 | 4 | |a SIGLO XIX | |
| 773 | 0 | |x 1013-9060 |d San José, Costa Rica : Editorial de la Universidad Nacional Estatal a Distancia |t Revista Nacional de Cultura |g número 27 (1995), páginas 55-62 | |
| 942 | |c ARC | ||
| 999 | |c 13166 |d 13166 | ||
